LEADER 01015nam0-22003251i-450- 001 990003190510403321 035 $a000319051 035 $aFED01000319051 035 $a(Aleph)000319051FED01 035 $a000319051 100 $a20000920d1966----km-y0itay50------ba 101 0 $aita 102 $aIT 200 1 $a<>Select Collection of Scarse and Valuable Tracts on Paper Currency and Banking [1897]$fEdited with a Preface, Notes and Index by John R.McCulloch. 210 $aNew York$cAugustus M. Kelley$d1966. 215 $aXX, 684 p.$d22 cm 225 1 $aReprints of economic classics 676 $aD/3.2 676 $aF/1.402 676 $aJ/1.2 676 $aJ/2.10 702 1$aMcCulloch,$bJohn Ramsay$f<1789-1864> 801 0$aIT$bUNINA$gRICA$2UNIMARC 901 $aBK 912 $a990003190510403321 952 $aD/3.2 SEL/1$b717/I$fSES 959 $aSES 996 $aSelect Collection of Scarse and Valuable Tracts on Paper Currency and Banking$9453764 997 $aUNINA DB $aING01 LEADER 00852nam0-22003011i-450- 001 990000287820403321 005 20001010 035 $a000028782 035 $aFED01000028782 035 $a(Aleph)000028782FED01 035 $a000028782 100 $a20001010d--------km-y0itay50------ba 101 0 $aita 105 $ay-------001yy 200 1 $aIntroduction to Modern Liquid Chromatography.$fL.R. Snyder, J.J. Kirkland. 210 $aNew York$cWiley & Sons$d1974 215 $an.v.p., 24 cm 676 $a543 700 1$aSnyder,$bLloyd R.$075155 702 1$aKirkland,$bJoseph Jack$f<1925- > 801 0$aIT$bUNINA$gRICA$2UNIMARC 901 $aBK 912 $a990000287820403321 952 $a04 082-61$bIRC 365/L$fDINCH 959 $aDINCH 996 $aIntroduction to Modern Liquid Chromatography$9127585 997 $aUNINA DB $aING01 LEADER 02315oam 2200769zu 450 001 996211824103316 005 20210807003351.0 010 $a0-323-02915-9 035 $a(CKB)1000000000754935 035 $a(SSID)ssj0000481332 035 $a(PQKBManifestationID)12182262 035 $a(PQKBTitleCode)TC0000481332 035 $a(PQKBWorkID)10470397 035 $a(PQKB)11568484 035 $a(EXLCZ)991000000000754935 100 $a20160829d2006 uy 101 0 $aeng 181 $ctxt 182 $cc 183 $acr 200 10$aEncounters with children : pediatric behavior and development 210 31$a[Place of publication not identified]$cMosby Elsevier$d2006 300 $aBibliographic Level Mode of Issuance: Monograph 517 $aEncounters with Children: Pediatric Behavior and Development: Fourth Edition 531 $aDIXON & STEIN 531 $aDIXON AND STEIN: ENCOUNTERS WITH CHILDREN: PEDIATRIC BEHAVIOR & DEVELOPMENT 531 $aENCOUNTERS WITH CHILDREN 606 $aBehavior 606 $aHuman Development 606 $aGrowth and Development 606 $aAge Groups 606 $aPhysiological Processes 606 $aBehavior and Behavior Mechanisms 606 $aPersons 606 $aPsychiatry and Psychology 606 $aNamed Groups 606 $aPhysiological Phenomena 606 $aChild Development 606 $aAdolescent 606 $aGrowth 606 $aChild Behavior 606 $aAdolescent Behavior 606 $aPhenomena and Processes 615 2$aBehavior 615 2$aHuman Development 615 2$aGrowth and Development 615 2$aAge Groups 615 2$aPhysiological Processes 615 2$aBehavior and Behavior Mechanisms 615 2$aPersons 615 2$aPsychiatry and Psychology 615 2$aNamed Groups 615 2$aPhysiological Phenomena 615 2$aChild Development 615 2$aAdolescent 615 2$aGrowth 615 2$aChild Behavior 615 2$aAdolescent Behavior 615 2$aPhenomena and Processes 676 $a305.231 700 $aDixon$b Suzanne D$0302524 702 $aStein$b Martin T 801 0$bPQKB 906 $aBOOK 912 $a996211824103316 996 $aEncounters with children$91141978 997 $aUNISA